| 000 | 02779nkm0a2200505 4500 | ||
|---|---|---|---|
| 001 | RU\NLR\BIBL_A\022668501 | ||
| 005 | 20260408075251.0 | ||
| 035 | _a(NLR Aleph) 022668501 | ||
| 071 | 5 | 0 |
_d1 р. 75 к. _910000 |
| 090 |
_a13543940 _c13543940 |
||
| 100 | _a20251118d1943 u y0rusy50 ca | ||
| 101 | 0 | _arus | |
| 102 | _aRU | ||
| 116 | _aiiycxx bf ad | ||
| 135 | _acrcn 024anaba | ||
| 181 | 0 |
_ab4 _bxb2e |
|
| 182 | 0 | _an | |
| 200 | 1 |
_aЛюбая кара им мала! _e[плакат] _fхудожник - Ф. Антонов _gтекст - Демьян Бедный |
|
| 203 |
_aИзображение _bнеподвижное _bдвухмерное _bвизуальное _cнепосредственное |
||
| 210 |
_aМосква _cИздание редакции Окно ТАСС _d1943 _eМосква _g5 литография МООМП |
||
| 215 |
_a1 л. (18 строк текста) _cхромолитогр. _d39,8х20,3 |
||
| 225 | 1 |
_aОкно ТАСС _iМосква _v1943, № 595 |
|
| 300 | _aПод изобр. стихотворный текст | ||
| 300 | _aВ вып. дан.: Б-106. Зак. 256 | ||
| 325 | _aКопия доступна в Электрон. б-ке РНБ | ||
| 606 | 1 |
_aПлакат русский советский _z1941 - 1945 _92387198 _3RU\NLR\AUTH\661423877 |
|
| 606 | 1 |
_aВеликая Отечественная война _jПлакаты _xЗверства немецко-фашистских захватчиков _z1941 - 1945 _91336383 _3RU\NLR\AUTH\66241586 |
|
| 686 | 0 | _aЩ153(2Р=Рус)7-466 | |
| 700 | 1 |
_4040 _7ca _8rus _aАнтонов _bФ. В. _cхудожник _f1904-1994 _gФедор Васильевич _3RU\NLR\AUTH\770287489 _92689119 |
|
| 702 | 1 |
_4070 _8rus _7ca _aБедный _bД. _f1883-1945 _gДемьян _3RU\NLR\AUTH\7716300 _9125940 |
|
| 712 | 0 | 2 |
_4650 _aТелеграфное агентство СССР _bРедакция военно-оборонного плаката "Окна ТАСС" _3RU\NLR\AUTH\8810071442 _9644791 |
| 712 | 0 | 2 |
_4610 _aМосковский областной отдел местной промышленности _bЛитография _c5 _92645781 _3RU\NLR\AUTH\880618206 |
| 852 | 0 | 0 |
_aNLR _bЭ _jПлИр995/ОКТМ-595 _mЭ033543 |
| 856 | 0 | _uhttps://vivaldi.nlr.ru/la700001580/view | |
| 856 | 1 | _uhttps://vivaldi.nlr.ru/la700001580/cover | |
| 856 | 2 | _uhttps://vivaldi.nlr.ru/la700001580/text | |
| 942 | _cVISUAL | ||
| 945 | _aРоссийская национальная библиотека | ||
| 980 | _aBV | ||
| 980 | _aNB | ||
| 981 | 1 | 7 |
_a(17) Изографические материалы _b(17) Плакаты |